00627cam a22002171 450000100060000000300080000600500170001400800410003103500190007204000320009104100080012304200120013108200220014310000340016524500450019926000310024430000270027549000180030250400410032060000480036177325BD-RjUL20211209082947.0720726s1964 nyua b 001 0 eng  a(BD-RjUL)77550 aDLCcODaWUdOCoLCdDLCbeng aeng apremarc a821.912bELI 19541 aEllmann, Richard,d1918-1987.14aThe identity of Yeats./cRichard Ellmann aLondon :bmacmillan,c1954 axxiv, 342 p. :c21 cm.0 aA Galaxy book aincluded Bibliographical references 10aYeats, W. B.q(William Butler),d1865-1939.